Atlas teras : Malaysia dan dunia

Bibliographic Details
Format: Book
Published: Kuala Lumpur : Fajar Bakti , 1993
Subjects:

MARC

LEADER 00000cam a2200000 7i4500
001 0000005154
002 000005565
005 20000330.0
020 |a 9676523666 
090 0 0 |a 912   |b ATL 
245 0 0 |a Atlas teras :   |b Malaysia dan dunia 
260 |a Kuala Lumpur :   |b Fajar Bakti ,   |c 1993 
300 |a 144 :   |b illust ;   |c 23cm. 
650 0 0 |a Atlases 
999 |a 031181   |b BUKU   |c PINJAMAN   |e PERPUSTAKAAN KOMUNITI PETALING JAYA 
999 |a 031182   |b BUKU   |c JUNIOR REFERENCE   |e PERPUSTAKAAN KOMUNITI PETALING JAYA